|
|
|
|
| LEADER |
00974nam a22002657a 4500 |
| 001 |
36208 |
| 003 |
BD-DhAAL |
| 005 |
20191021104254.0 |
| 008 |
191021t2005 ii ||||| b||| 001 0 eng d |
| 999 |
|
|
|c 41642
|d 41642
|
| 020 |
|
|
|a 8176489018
|
| 020 |
|
|
|a 9788176489010
|
| 040 |
|
|
|a BD-DhAAL
|
| 082 |
|
|
|a 370.1
|2 21
|
| 100 |
|
|
|a Sharma, Promila
|9 36223
|
| 245 |
|
|
|a The aims of education /
|c Promila Sharma
|
| 260 |
|
|
|a New Delhi :
|b A.P.H. Publishing Corporation,
|c 2005.
|
| 300 |
|
|
|a 340 pages ;
|b 23 cm.
|
| 504 |
|
|
|6 Includes bibliographical references and index.
|
| 526 |
|
|
|a BIED
|
| 541 |
|
|
|a Complimentary copy from BIED
|e 36208
|
| 650 |
|
|
|a Education
|x Aims and objectives.
|9 36224
|
| 852 |
|
|
|a Ayesha Abed Library
|c General Stacks
|
| 942 |
|
|
|2 ddc
|c BK
|
| 952 |
|
|
|0 0
|1 0
|2 ddc
|4 0
|6 370_100000000000000_SHA
|7 0
|9 66858
|a BRACUL
|b BRACUL
|c GEN
|d 2019-10-21
|e Complimentary copy from BIED
|l 0
|o 370.1 SHA
|p 3010036208
|r 2019-10-21
|t 1
|w 2019-10-21
|y BK
|x Transferred from BIED to General Stacks
|